Statistiques concernant Pays les moins peuplés selon le nombre de frontières

Cliquez ici pour prendre le quiz!

Statistiques générales

  • Ce quiz a été pris 71 fois
  • Le résultat moyen est 5 sur 14

Statistiques - réponses

frontièrespoppays% Correct
1880Vatican
92%
14145 mRussie
65%
20.04 mLiechtenstein
57%
1065 mFrance
38%
011,000Tuvalu
35%
30.6 mLuxembourg
33%
42 mKosovo
25%
981 mRép Dém Congo
25%
01600Niue
23%
50.6 mMonténégro
22%
89 mAutriche
18%
710 mHongrie
18%
65 mRépublique
Centrafricaine
8%
30.6 mSahara occidental
7%

Distribution des résultats

Percentile par nombre de réponses

% des personnes avec chaque résultat

Votre développement - résultats

Vous n’avez pas pris ce quiz